Hungarian Cold War loan policies in Latin America the case of Peru : [abstract] /

Elmentve itt :
Bibliográfiai részletek
Szerző: Farkas Dániel
Testületi szerző: VI. South America International Conference
Dokumentumtípus: Könyv része
Megjelent: Hispanisztika Alapítvány Szeged 2026
Sorozat:South America International Conference 6
Kulcsszavak:Hitelpolitika - magyar - Peru - 20. sz. - előadáskivonat, Hidegháború - előadáskivonat
Tárgyszavak:
Online Access:http://acta.bibl.u-szeged.hu/90110
LEADER 01024naa a2200241 i 4500
001 acta90110
005 20260330134739.0
008 260330s2026 hu o 100 eng d
020 |a 978-963-688-099-6 
040 |a SZTE Egyetemi Kiadványok Repozitórium  |b hun 
041 |a eng 
100 1 |a Farkas Dániel 
245 1 0 |a Hungarian Cold War loan policies in Latin America  |h [elektronikus dokumentum] :  |b the case of Peru : [abstract] /  |c  Farkas Dániel 
260 |a Hispanisztika Alapítvány  |b Szeged  |c 2026 
300 |a 14 
490 0 |a South America International Conference  |v 6 
650 4 |a Társadalomtudományok 
650 4 |a Politikatudomány 
650 4 |a Bölcsészettudományok 
650 4 |a Történettudomány és régészet 
695 |a Hitelpolitika - magyar - Peru - 20. sz. - előadáskivonat, Hidegháború - előadáskivonat 
711 |a VI. South America International Conference  |c Budapest  |d 2026. február 27-28. 
856 4 0 |u http://acta.bibl.u-szeged.hu/90110/1/south_america_ic_006_014.pdf  |z Dokumentum-elérés